Introduction to telephone engineering / (Record no. 183729)

000 -LEADER
fixed length control field 00621 a2200181 4500
003 - CONTROL NUMBER IDENTIFIER
control field Nust
005 - DATE AND TIME OF LATEST TRANSACTION
control field 20221226100626.0
040 ## - CATALOGING SOURCE
Transcribing agency Nust
082 ## - DEWEY DECIMAL CLASSIFICATION NUMBER
Classification number 621.385,STO
100 ## - MAIN ENTRY--PERSONAL NAME
Personal name Roudolf A Storch
9 (RLIN) 105858
245 ## - TITLE STATEMENT
Title Introduction to telephone engineering /
Statement of responsibility, etc. Roudolf A Storch
260 ## - PUBLICATION, DISTRIBUTION, ETC.
Place of publication, distribution, etc. Siemens & Halske
Name of publisher, distributor, etc. New York
Date of publication, distribution, etc. 1962
300 ## - PHYSICAL DESCRIPTION
Extent 233 p
Other physical details illus
Dimensions 24 cm
505 ## - FORMATTED CONTENTS NOTE
Formatted contents note Physical Fundamentals (Page-11), Component Part of Telephony (Page-13), Component Assemblies (Page-164), Index (Page-227).
600 ## - SUBJECT ADDED ENTRY--PERSONAL NAME
Personal name Roudolf A Storch
9 (RLIN) 105858
650 ## - SUBJECT ADDED ENTRY--TOPICAL TERM
Topical term or geographic name entry element Introduction to telephone engineering
9 (RLIN) 105859
942 ## - ADDED ENTRY ELEMENTS (KOHA)
Source of classification or shelving scheme
Koha item type Book
Holdings
Withdrawn status Lost status Source of classification or shelving scheme Damaged status Not for loan Permanent Location Current Location Shelving location Date acquired Full call number Barcode Date last seen Price effective from Koha item type Public note
          Military College of Signals (MCS) Military College of Signals (MCS) General Stacks 12/12/2016 621.385,STO MCS1900 12/08/2016 12/12/2016 Book Almirah No.39, Shelf No.4
© 2023 Central Library, National University of Sciences and Technology. All Rights Reserved.